[Event "BAN-chT2 Borsho 2nd"]
[Site "Bangladesh"]
[Date "2021.01.22"]
[Round "3.4"]
[White "Sadnan Hasan, Dihan"]
[Black "Mohammad, Tanvir Rahman"]
[Result "1-0"]
[WhiteElo "2025"]
[BlackElo "1786"]
[PlyCount "75"]
[EventDate "2021.01.20"]
[EventType "team-tourn"]
[EventRounds "9"]
[EventCountry "BAN"]
[SourceTitle "CBM 200 Extra"]
[Source "ChessBase"]
[SourceDate "2021.03.31"]
[SourceVersion "1"]
[SourceVersionDate "2021.03.31"]
[SourceQuality "1"]
[WhiteTeam "Sports Bangla"]
[BlackTeam "Bangladesh Police Prime"]
[WhiteTeamCountry "BAN"]
[BlackTeamCountry "BAN"]

1. e4 c6 2. d4 d5 3. Nc3 dxe4 4. Nxe4 Bf5 5. Ng3 Bg6 6. h4 h6 7. Nh3 Nf6 8. Nf4 Bh7 9. c3 e6 10. Qb3 Qb6 11. Bd3 Bxd3 12. Nxd3 Qxb3 13. axb3 Nbd7 14. b4 Bd6 15. Bf4 Bxf4 16. Nxf4 Nd5 17. Nxd5 cxd5 18. Kd2 Nb6 19. b3 Kd7 20. Ra5 a6 21. Nh5 g6 22. Nf4 Kd6 23. Nd3 Nd7 24. Rha1 Rac8 25. Nc5 Nxc5 26. bxc5+ Kc6 27. R5a4 g5 28. h5 Rc7 29. Rb4 Kd7 30. Rb6 Rb8 31. Raxa6 Rc6 32. Rxc6 bxc6 33. Ra7+ Ke8 34. Kc2 Rc8 35. b4 Kf8 36. Kb3 f5 37. Rh7 Re8 38. Rxh6 1-0